[Event "Pardubice Czech op-E 29th"]
[Site "Pardubice"]
[Date "2018.07.12"]
[Round "1"]
[White "Koubova, Anna Marie"]
[Black "Krahula, Pavel"]
[Result "1-0"]
[WhiteElo "2060"]
[BlackElo "1855"]
[PlyCount "63"]
[EventDate "2018.07.12"]
[EventType "team"]
[EventRounds "7"]
[EventCountry "CZE"]
[SourceTitle "EXT 2019"]
[Source "ChessBase"]
[SourceDate "2018.10.10"]
[SourceVersion "1"]
[SourceVersionDate "2018.10.10"]
[SourceQuality "1"]
[WhiteTeam "Unichess"]
[BlackTeam "Zabreh"]
[WhiteTeamCountry "CZE"]
[BlackTeamCountry "CZE"]

1. d4 Nf6 2. c4 g6 3. g3 Bg7 4. Bg2 0-0 5. Nc3 d6 6. Nf3 Nbd7 7. 0-0 e5 8. e4 exd4 9. Nxd4 Re8 10. Re1 Nf8 11. h3 Ne6 12. Be3 a6 13. Qc2 Nd7 14. Rad1 Nxd4 15. Bxd4 Bxd4 16. Rxd4 Nf6 17. c5 Qe7 18. cxd6 cxd6 19. Red1 Rd8 20. Qd2 Be6 21. e5 Ne8 22. exd6 Qd7 23. Ne4 Rac8 24. b4 b6 25. Kh2 Kg7 26. Qb2 Kg8 27. Ng5 Ng7 28. Rh4 h5 29. Ne4 Ne8 30. g4 f5 31. Ng5 fxg4 32. Nxe6 1-0

[Event "CZE-chT2e 0405"]
[Site "Czech Republic"]
[Date "2005.04.10"]
[Round "11.8"]
[White "Krahula, Pavel"]
[Black "Partys, Petr"]
[Result "1-0"]
[WhiteElo "1771"]
[BlackElo "1996"]
[PlyCount "95"]
[EventDate "2004.10.17"]
[EventType "team"]
[EventRounds "11"]
[EventCountry "CZE"]
[SourceTitle "EXT 2007"]
[Source "ChessBase"]
[SourceDate "2006.11.23"]
[SourceVersion "1"]
[SourceVersionDate "2006.11.23"]
[SourceQuality "1"]

1. e4 c5 2. Nf3 Nc6 3. d4 cxd4 4. Nxd4 g6 5. Be3 Bg7 6. Nd2 Nf6 7. c3 0-0 8. Bc4 d5 9. exd5 Nxd5 10. Bxd5 Qxd5 11. Qf3 Qa5 12. Nxc6 bxc6 13. Qxc6 Rb8 14. 0-0 Be6 15. Nb3 Qh5 16. Qf3 Bg4 17. Qg3 Bf6 18. h3 Be6 19. Bxa7 Bh4 20. Qe3 Rb5 21. Nd4 Re5 22. Qf4 Ra5 23. Bb6 Bg5 24. Qf3 Ra6 25. Qxh5 gxh5 26. Nxe6 fxe6 27. Bd4 Kf7 28. Rfe1 Rb8 29. b3 Rb5 30. Re5 Rxe5 31. Bxe5 Kg6 32. a4 Kf5 33. Bd4 e5 34. Bc5 Ke4 35. Rd1 e6 36. f3+ Kf5 37. Kf2 h4 38. Rd7 h6 39. Ke2 Ra8 40. Rf7+ Kg6 41. Rd7 Kf5 42. Be3 Bf6 43. Kd3 Rg8 44. a5 Rxg2 45. a6 Ra2 46. a7 Bg5 47. Rf7+ Kg6 48. Rf8 1-0